000 00548nam a22001937a 4500
003 OSt
005 20140310182846.0
008 130611t xxu||||| |||| 00| 0 eng d
050 _aTX 749
_b.F686 1965
082 _aM 641.66
_bF73 1965
245 _aBook of marvelous meats /
_cThe Food Editors of Mc Calls
260 _aOrlando, Florida :
_bAdvance Publishers, Inc.,
_c1965.
300 _a64 p. :
_bill. col. ;
_c24 cm.
521 _acollege students
526 _c1210L-1700L
541 _j1
562 _e1
942 _2lcc
_cBK
_kM
999 _c16930
_d16930